00781cam a2200169 450008200270000011000600002724500710008726000730015830000180023150001440024952600370039365000130043065000430044394200120048699900190049895200940051700a625.7bAMEcL-26, P-072 aAmerican Association of State Highway Officials.91966510aGeometric design standards for highways other than freeways, 1969. aWashington,bAmerican Association of State Highway Officialsc[1969] a15 p.c23 cm. a"Approved by the Executive Committee for State Highway Department letter ballot, June 18, 1968. Adopted by letter ballot, April 21, 1969." a0b0c0d625_700000000000000_AME 0aMCE9379 0aRoadsxDesign and construction.919562 2ddccBK c547385d547385 00102ddc4070aMCEbMCEd2014-07-14l0o625.7 AMEpMCE-5270r2014-07-14w2014-07-14yBK